000 01081cam a2200337 i 4500
001 sky217969114
003 SKY
005 20180421135948.0
008 011126s1978 nyua j 00011 spa
020 _a9780618442140 (board book)
020 _a0618442146 (board book)
040 _dSKYRV
_erda
_csjds
041 _aspa
_heng
100 1 _aBornstein, Ruth.
245 1 0 _aGorilita /
_ccuento y dibujos por Ruth Bornstein.
246 1 3 _aLittle gorilla.
260 _aNew York, NY :
_bClarion Books,
_c2004, c1978
264 1 _aNew York, NY :
_bClarion Books,
_c[2004]
264 4 _c1978.
300 _a1 volume (unpaged) :
_bcolor illustrations ;
_c11 x 13 cm.
336 _atext
_btxt
_2rdacontent.
337 _aunmediated
_bn
_2rdamedia.
338 _avolume
_bnc
_2rdacarrier.
520 _aLittle Gorilla's family and friends try to help him overcome his special growing pains.
650 1 _aFriendship
_vFiction.
650 1 _aGorilla
_vFiction.
650 1 _aSpanish language materials.
650 1 _aToddler book.
655 0 _aBoard books.
942 _cBK
_2ddc
999 _c19425
_d19425